[Event "Bangabandhu-chT"]
[Site "Dhaka"]
[Date "2024.02.08"]
[Round "8.2"]
[White "Pranav, V."]
[Black "Ahmed, Sk Nasir"]
[Result "1-0"]
[WhiteElo "2611"]
[BlackElo "2182"]
[PlyCount "77"]
[EventDate "2024.02.01"]
[EventType "team-tourn"]
[EventRounds "11"]
[EventCountry "BAN"]
[SourceTitle "CB07_2024"]
[SourceDate "2024.02.14"]
[SourceVersion "1"]
[SourceVersionDate "2024.02.14"]
[SourceQuality "1"]
[WhiteTeam "Bangladesh Biman"]
[BlackTeam "Bangladesh Navy"]
[WhiteTeamCountry "BAN"]
[BlackTeamCountry "BAN"]

1. e4 c5 2. Nf3 e6 3. d4 cxd4 4. Nxd4 Nc6 5. Nc3 Nf6 6. a3 Qc7 7. Be3 a6 8. Be2 Be7 9. 0-0 0-0 10. f4 d6 11. Qe1 Nxd4 12. Bxd4 e5 13. Be3 exf4 14. Bxf4 Be6 15. Qg3 Kh8 16. Be3 Nd7 17. Rad1 Ne5 18. Bd4 Rad8 19. Bd3 Rd7 20. Nd5 Bxd5 21. exd5 Qd8 22. Bf5 Rc7 23. Bb6 g6 24. Bd3 f5 25. c4 Qc8 26. Bxc7 Qxc7 27. Kh1 a5 28. b4 Bf6 29. Be2 axb4 30. axb4 h5 31. Qe3 Kg7 32. Qa7 Ng4 33. Bxg4 hxg4 34. c5 Be5 35. h3 Kf6 36. Rd3 Rh8 37. cxd6 Bxd6 38. Qd4+ Be5 39. Qxg4 1-0

[Event "Bangabandhu-chT"]
[Site "Dhaka"]
[Date "2024.02.03"]
[Round "3.2"]
[White "Ahmed, Sk Nasir"]
[Black "Chigaev, Maksim"]
[Result "0-1"]
[WhiteElo "2182"]
[BlackElo "2622"]
[PlyCount "68"]
[EventDate "2024.02.01"]
[EventType "team-tourn"]
[EventRounds "11"]
[EventCountry "BAN"]
[SourceTitle "CB06_2024"]
[SourceDate "2024.02.07"]
[SourceVersion "1"]
[SourceVersionDate "2024.02.07"]
[SourceQuality "1"]
[WhiteTeam "Bangladesh Navy"]
[BlackTeam "Palli Sanchay Bank"]
[WhiteTeamCountry "BAN"]
[BlackTeamCountry "BAN"]

1. c4 e5 2. Nc3 Bb4 3. Nd5 a5 4. a3 Be7 5. g3 Nf6 6. Nxf6+ Bxf6 7. Bg2 0-0 8. d3 a4 9. Nf3 d6 10. Rb1 Bd7 11. 0-0 Bc6 12. Be3 Re8 13. Nd2 Bxg2 14. Kxg2 d5 15. cxd5 Qxd5+ 16. Kg1 Nd7 17. Qc2 c6 18. b4 b5 19. Rfc1 Rac8 20. Ne4 Be7 21. Bc5 Nxc5 22. Nxc5 h5 23. Qd2 h4 24. Qe3 h3 25. f3 f5 26. Qf2 Bg5 27. Rc2 Rcd8 28. e4 fxe4 29. fxe4 Qd6 30. Kh1 Rf8 31. Qe2 Qf6 32. Rg1 Rd6 33. Ra2 Qf3+ 34. Qxf3 Rxf3 0-1

[Event "Asia zt 3.2"]
[Site "Dhaka"]
[Date "2023.05.10"]
[Round "9"]
[White "Ahmed, Sk Nasir"]
[Black "Zia, Tahsin Tajwar"]
[Result "0-1"]
[WhiteElo "2149"]
[BlackElo "2315"]
[PlyCount "88"]
[EventDate "2023.05.02"]
[EventType "swiss"]
[EventRounds "9"]
[EventCountry "BAN"]
[SourceTitle "CBM 214 Extra"]
[Source "ChessBase"]
[SourceDate "2023.07.31"]
[SourceVersion "1"]
[SourceVersionDate "2023.07.31"]
[SourceQuality "1"]

1. c4 e5 2. Nc3 Nc6 3. e3 Bb4 4. Qc2 Nf6 5. Nf3 0-0 6. Be2 Re8 7. 0-0 e4 8. Nd4 Nxd4 9. exd4 d5 10. c5 c6 11. d3 Bg4 12. Bxg4 Nxg4 13. h3 Nf6 14. Bg5 Bxc3 15. Qxc3 Re6 16. Rae1 Qe7 17. Re3 Re8 18. Rfe1 Qd7 19. Bxf6 gxf6 20. Qd2 f5 21. Rg3+ Rg6 22. Qf4 Qe6 23. Ree3 Qf6 24. dxe4 Qxd4 25. Qxf5 dxe4 26. Rg4 Re5 27. Qc8+ Kg7 28. Qxb7 Rxc5 29. Rf4 Rc1+ 30. Kh2 Qc4 31. Rg4 Qf1 32. Qe7 Qxf2 33. Qe5+ Kg8 34. Qe8+ Kg7 35. Qe5+ Kg8 36. Qxe4 Qxb2 37. Rb3 Qa1 38. Rb7 Kg7 39. Qe7 Rh1+ 40. Kg3 Qc3+ 41. Kh4 Rf1 42. Rbb4 Rff6 43. Rbf4 Rxf4 44. Rxf4 Qg3+ 0-1

[Event "Asia zt 3.2"]
[Site "Dhaka"]
[Date "2023.05.08"]
[Round "7"]
[White "Ahmed, Sk Nasir"]
[Black "Manon, Reja Neer"]
[Result "1/2-1/2"]
[WhiteElo "2149"]
[BlackElo "2298"]
[PlyCount "58"]
[EventDate "2023.05.02"]
[EventType "swiss"]
[EventRounds "9"]
[EventCountry "BAN"]
[SourceTitle "CBM 214 Extra"]
[Source "ChessBase"]
[SourceDate "2023.07.31"]
[SourceVersion "1"]
[SourceVersionDate "2023.07.31"]
[SourceQuality "1"]

1. Nf3 Nf6 2. c4 c5 3. g3 Nc6 4. Bg2 g6 5. b3 Bg7 6. Bb2 0-0 7. 0-0 d6 8. d4 cxd4 9. Nxd4 Qb6 10. Nc2 a5 11. Nc3 a4 12. Nxa4 Rxa4 13. Bxf6 Bxf6 14. bxa4 Bxa1 15. Nxa1 Qa6 16. Qb3 Bd7 17. Qb5 Ra8 18. Nb3 Ne5 19. Qxa6 Rxa6 20. a5 Bc6 21. Rc1 Bxg2 22. Kxg2 Nc6 23. Rb1 Kf8 24. e4 Ne5 25. Rc1 Rc6 26. Nd2 Ra6 27. Nb3 Rc6 28. Nd2 Ra6 29. Nb3 Rc6 1/2-1/2

[Event "BAN-chB 47th"]
[Site "Dhaka"]
[Date "2022.11.05"]
[Round "10"]
[White "Md Abu, Hanif"]
[Black "Ahmed, Sk Nasir"]
[Result "1-0"]
[WhiteElo "2054"]
[BlackElo "2181"]
[PlyCount "99"]
[EventDate "2022.10.27"]
[EventType "swiss"]
[EventRounds "11"]
[EventCountry "BAN"]
[SourceTitle "EXT 2024"]
[Source "ChessBase"]
[SourceDate "2023.10.10"]
[SourceVersion "1"]
[SourceVersionDate "2023.10.10"]
[SourceQuality "1"]

1. c4 e5 2. Nc3 Nf6 3. g3 Bb4 4. Bg2 0-0 5. e3 c6 6. Nge2 d5 7. cxd5 cxd5 8. Qb3 Bxc3 9. bxc3 Nc6 10. d4 e4 11. Bd2 Na5 12. Qc2 b6 13. 0-0 Ba6 14. Rfe1 Rc8 15. h3 Rc6 16. Nc1 Qc7 17. Nb3 Bd3 18. Qd1 Nc4 19. Bc1 Nd6 20. Ba3 Rc8 21. Bxd6 Qxd6 22. Nc1 Rxc3 23. Nxd3 Rxd3 24. Qa4 Ra3 25. Qb5 Qc6 26. Qb4 Qa4 27. Qe7 Rac3 28. g4 h6 29. Bf1 Qa3 30. Qe5 Rc2 31. Qg3 Rxa2 32. Rxa2 Qxa2 33. h4 Qa3 34. g5 hxg5 35. hxg5 Ne8 36. g6 Qd6 37. gxf7+ Kxf7 38. Qh3 Rc7 39. Qf5+ Nf6 40. Bh3 b5 41. Bg4 b4 42. Bh5+ Kg8 43. Bd1 Rc1 44. Kf1 Qd7 45. Qe5 a5 46. Qb8+ Rc8 47. Qb6 Qc7 48. Qe6+ Kf8 49. Kg2 Rb8 50. Rh1 1-0

[Event "BAN-chB 47th"]
[Site "Dhaka"]
[Date "2022.10.29"]
[Round "3"]
[White "Ahmed, Sk Nasir"]
[Black "Arup, Golder"]
[Result "1-0"]
[WhiteElo "2181"]
[BlackElo "1880"]
[PlyCount "93"]
[EventDate "2022.10.27"]
[EventType "swiss"]
[EventRounds "11"]
[EventCountry "BAN"]
[SourceTitle "EXT 2024"]
[Source "ChessBase"]
[SourceDate "2023.10.10"]
[SourceVersion "1"]
[SourceVersionDate "2023.10.10"]
[SourceQuality "1"]

1. c4 e5 2. g3 Bc5 3. Bg2 Ne7 4. Nc3 c6 5. Ne4 Na6 6. Nf3 Ng6 7. Nxc5 Nxc5 8. d4 exd4 9. Qxd4 Ne6 10. Qd2 h6 11. b3 Qe7 12. Bb2 0-0 13. 0-0 Re8 14. Rfe1 b6 15. Rad1 Ngf8 16. Nh4 Qg5 17. Qc2 Ba6 18. Nf5 d5 19. cxd5 cxd5 20. Nd6 Red8 21. Rxd5 Qe7 22. Red1 Qc7 23. Qxc7 Nxc7 24. R5d2 Rab8 25. Nf5 Rxd2 26. Rxd2 Nce6 27. Be5 Re8 28. Bc6 Rd8 29. Rxd8 Nxd8 30. Bf3 Nde6 31. Bb8 Nd7 32. Bxa7 h5 33. Ne7+ Kf8 34. Nd5 Nd4 35. Nxb6 Nxb6 36. Bxb6 Nxe2+ 37. Kg2 Nc1 38. Be3 Nxa2 39. Bd2 Bc8 40. Bd5 Be6 41. Bxe6 fxe6 42. Kf3 Ke7 43. Ke4 Kd6 44. Kd4 Kc6 45. Kc4 g6 46. h4 e5 47. b4 1-0

[Event "BAN-chB 47th"]
[Site "Dhaka"]
[Date "2022.10.27"]
[Round "1"]
[White "Ahmed, Sk Nasir"]
[Black "Asaduzzaman, Ahad"]
[Result "1-0"]
[WhiteElo "2181"]
[BlackElo "1767"]
[PlyCount "135"]
[EventDate "2022.10.27"]
[EventType "swiss"]
[EventRounds "11"]
[EventCountry "BAN"]
[SourceTitle "EXT 2024"]
[Source "ChessBase"]
[SourceDate "2023.10.10"]
[SourceVersion "1"]
[SourceVersionDate "2023.10.10"]
[SourceQuality "1"]

1. e4 e5 2. Nf3 Nc6 3. d4 Qf6 4. dxe5 Nxe5 5. Nxe5 Qxe5 6. Bd3 Bc5 7. 0-0 Nf6 8. Kh1 d6 9. f4 Qe7 10. Nc3 Ng4 11. Qe1 Bf2 12. Rxf2 Qh4 13. g3 Nxf2+ 14. Qxf2 Qd8 15. Be3 0-0 16. Rd1 Bg4 17. Rd2 Bd7 18. Bf1 Bc6 19. Bg2 Re8 20. Bd4 Qe7 21. Re2 b5 22. Kg1 b4 23. Nd1 Bb5 24. Re1 c5 25. Be3 Bc6 26. Bc1 Qb7 27. Qe2 Re7 28. f5 f6 29. Bf4 Rd8 30. Nf2 Bb5 31. Qd2 Qb6 32. Rd1 d5 33. e5 d4 34. Ne4 Rdd7 35. e6 Rd8 36. g4 d3 37. Be3 Qa6 38. Nxc5 Qxa2 39. Qxb4 Rb8 40. Nxd3 Ree8 41. Nc1 Qa6 42. Qd6 Qa4 43. g5 Qxc2 44. gxf6 gxf6 45. e7 Qxf5 46. Qd5+ Qxd5 47. Bxd5+ Kg7 48. Bc5 Rbc8 49. Ba3 Rc2 50. Nb3 Bd7 51. Nd4 Rcc8 52. Ne6+ Kh6 53. Nf8 Bg4 54. Rd4 Bh5 55. Be6 Rc1+ 56. Kf2 Rc2+ 57. Kg3 Re2 58. h4 Re3+ 59. Kf4 Rf3+ 60. Ke4 f5+ 61. Bxf5 Rxa3 62. bxa3 Rxe7+ 63. Kf4 Rf7 64. Rd6+ Bg6 65. Nxg6 hxg6 66. Rxg6+ Kh5 67. Ra6 Rxf5+ 68. Kxf5 1-0

[Event "Dhaka Chowdhury Memorial op-A 2nd"]
[Site "Dhaka"]
[Date "2022.07.04"]
[Round "3"]
[White "Ahmed, Sk Nasir"]
[Black "Ghosh, Chanchal Kumer"]
[Result "0-1"]
[WhiteElo "2217"]
[BlackElo "2047"]
[PlyCount "108"]
[EventDate "2022.07.02"]
[EventType "swiss"]
[EventRounds "8"]
[EventCountry "BAN"]
[SourceTitle "EXT 2023"]
[Source "ChessBase"]
[SourceDate "2022.10.05"]
[SourceVersion "1"]
[SourceVersionDate "2022.10.05"]
[SourceQuality "1"]

1. c4 e5 2. g3 Bc5 3. Bg2 Nc6 4. Nc3 a6 5. e3 d6 6. Nge2 Ba7 7. Rb1 Bf5 8. d3 Nb4 9. e4 Bg4 10. h3 Be6 11. 0-0 h5 12. Nd5 Nc6 13. Be3 h4 14. g4 Nge7 15. Qd2 Ng6 16. f4 Bxe3+ 17. Qxe3 exf4 18. Nexf4 Nxf4 19. Nxf4 Qg5 20. b4 0-0 21. Rf2 Ne5 22. Qe2 c6 23. Qc2 Rae8 24. d4 Ng6 25. Ne2 Re7 26. Qc3 Bd7 27. Rbf1 Rfe8 28. c5 dxc5 29. bxc5 f6 30. Kh2 Rxe4 31. Bxe4 Rxe4 32. Qb3+ Be6 33. Qxb7 Re3 34. Qxc6 Bc4 35. Qc8+ Kh7 36. Qf5 Bxe2 37. Re1 Bxg4 38. Qxg4 Rxe1 39. Qxg5 fxg5 40. Rc2 Nf4 41. c6 Re8 42. Rc5 Re2+ 43. Kh1 Ne6 44. Rd5 Rc2 45. Rd6 Nxd4 46. Rxd4 Rxc6 47. a4 Rf6 48. Rd5 Kh6 49. Kg2 g6 50. Rc5 Rf5 51. Rc8 Rf4 52. Rh8+ Kg7 53. Ra8 Rxa4 54. Kf3 Ra3+ 0-1

[Event "Dhaka Marcel op"]
[Site "Dhaka"]
[Date "2022.04.19"]
[Round "1"]
[White "Ahmed, Sk Nasir"]
[Black "Ahmed, Feroz"]
[Result "1-0"]
[WhiteElo "2161"]
[BlackElo "1914"]
[PlyCount "33"]
[EventDate "2022.04.19"]
[EventType "swiss"]
[EventRounds "9"]
[EventCountry "BAN"]
[SourceTitle "EXT 2023"]
[Source "ChessBase"]
[SourceDate "2022.10.05"]
[SourceVersion "1"]
[SourceVersionDate "2022.10.05"]
[SourceQuality "1"]

1. e4 d5 2. exd5 Nf6 3. c4 c6 4. d4 cxd5 5. Nc3 Nc6 6. Nf3 Bg4 7. cxd5 Nxd5 8. Qb3 Nb6 9. d5 Nb8 10. Ne5 Bc8 11. Nb5 Na6 12. Nxa7 Nc5 13. Qb5+ Nbd7 14. Nxc8 Ra5 15. Qe2 Nb3 16. Nc4 Nxa1 17. N8d6# 1-0

[Event "Dhaka Walton op"]
[Site "Dhaka"]
[Date "2022.04.12"]
[Round "9"]
[White "Manon, Reja Neer"]
[Black "Ahmed, Sk Nasir"]
[Result "1/2-1/2"]
[WhiteElo "2137"]
[BlackElo "2161"]
[PlyCount "147"]
[EventDate "2022.04.04"]
[EventType "swiss"]
[EventRounds "9"]
[EventCountry "BAN"]
[SourceTitle "CBM 207 Extra"]
[Source "ChessBase"]
[SourceDate "2022.05.31"]
[SourceVersion "1"]
[SourceVersionDate "2022.05.31"]
[SourceQuality "1"]

1. e4 c5 2. Nf3 e6 3. d4 cxd4 4. Nxd4 Nc6 5. Nb5 d6 6. c4 a6 7. N5a3 Nf6 8. Nc3 Be7 9. Be2 0-0 10. 0-0 b6 11. Be3 Qc7 12. Rc1 Ne5 13. f4 Ned7 14. Bf3 Bb7 15. Qe2 Rfe8 16. Rfd1 Rac8 17. Kh1 Qb8 18. Nab1 Qa8 19. Nd2 Nc5 20. Bg1 d5 21. e5 Nfe4 22. cxd5 exd5 23. Bxe4 dxe4 24. Bxc5 Rxc5 25. Ndxe4 Rc7 26. Nd6 Bxd6 27. Rxd6 b5 28. Rcd1 Qc8 29. a3 h6 30. Qd3 Rc4 31. Rd4 Rxd4 32. Qxd4 Qg4 33. Qf2 Rc8 34. Rd4 Qf5 35. Kg1 Qe6 36. h3 Rc4 37. Kh2 Rxd4 38. Qxd4 Qc6 39. Qd2 a5 40. Nd1 Qe4 41. Nc3 Qc6 42. Nd1 Qe4 43. Qf2 b4 44. axb4 axb4 45. Ne3 Kh8 46. Qf3 Qxf3 47. gxf3 Bxf3 48. Nc2 b3 49. Nd4 Bd5 50. Kg3 g6 51. h4 Kg7 52. f5 gxf5 53. Nxf5+ Kh7 54. Kf4 Bc4 55. Ne3 Be6 56. h5 Kg7 57. Ng4 Bc4 58. Nf6 Be2 59. Ke4 Kf8 60. Kd5 Ke7 61. Ng8+ Kf8 62. Nxh6 Bxh5 63. Nf5 Bg4 64. Nd4 Ke7 65. Ke4 f6 66. Nf5+ Bxf5+ 67. Kxf5 fxe5 68. Kxe5 Kd7 69. Kd5 Kc7 70. Kc5 Kb7 71. Kb5 Kc7 72. Kb4 Kb6 73. Kc3 Kc5 74. Kxb3 1/2-1/2

[Event "BAN-chT"]
[Site "Dhaka"]
[Date "2022.03.20"]
[Round "11.6"]
[White "Narayanan, Srinath"]
[Black "Ahmed, Sk Nasir"]
[Result "1-0"]
[WhiteElo "2553"]
[BlackElo "2167"]
[PlyCount "51"]
[EventDate "2022.03.10"]
[EventType "team-tourn"]
[EventRounds "11"]
[EventCountry "BAN"]
[SourceTitle "CBM 207 Extra"]
[Source "ChessBase"]
[SourceDate "2022.05.31"]
[SourceVersion "1"]
[SourceVersionDate "2022.05.31"]
[SourceQuality "1"]
[WhiteTeam "Rupali Bank Krira Parisad"]
[BlackTeam "Bangladesh Navy"]
[WhiteTeamCountry "BAN"]
[BlackTeamCountry "BAN"]

1. c4 e5 2. g3 c6 3. Nf3 e4 4. Nd4 d5 5. d3 h6 6. Bg2 Nf6 7. 0-0 Bc5 8. Nb3 Bb6 9. cxd5 cxd5 10. dxe4 Nxe4 11. Nc3 Nxc3 12. bxc3 Be6 13. c4 0-0 14. cxd5 Bg4 15. h3 Bh5 16. a4 Re8 17. g4 Bg6 18. a5 Bc7 19. d6 Bxd6 20. Bxb7 Qc7 21. Bxa8 Bc2 22. Qd2 Bxb3 23. Bf3 Rd8 24. Qe3 Be6 25. Ba3 Bf4 26. Qc5 1-0

[Event "BAN-chT"]
[Site "Dhaka"]
[Date "2022.03.15"]
[Round "6.3"]
[White "Zia, Tahsin Tajwar"]
[Black "Ahmed, Sk Nasir"]
[Result "1-0"]
[WhiteElo "2235"]
[BlackElo "2167"]
[PlyCount "91"]
[EventDate "2022.03.10"]
[EventType "team-tourn"]
[EventRounds "11"]
[EventCountry "BAN"]
[SourceTitle "CBM 207 Extra"]
[Source "ChessBase"]
[SourceDate "2022.05.31"]
[SourceVersion "1"]
[SourceVersionDate "2022.05.31"]
[SourceQuality "1"]
[WhiteTeam "Bangladesh Biman"]
[BlackTeam "Bangladesh Navy"]
[WhiteTeamCountry "BAN"]
[BlackTeamCountry "BAN"]

1. d4 Nf6 2. c4 e6 3. g3 d5 4. Bg2 Bb4+ 5. Bd2 Be7 6. Nf3 0-0 7. Qc2 c6 8. h4 Nbd7 9. Nc3 b6 10. Ng5 Bb7 11. e4 dxe4 12. Ncxe4 Re8 13. 0-0-0 Nf8 14. Bf4 Nh5 15. Be3 Nf6 16. Nxf6+ Bxf6 17. Be4 g6 18. f4 Qe7 19. h5 Red8 20. hxg6 fxg6 21. Nf3 c5 22. dxc5 bxc5 23. Ne5 Rdc8 24. Qg2 Rab8 25. Rd2 a5 26. Rhd1 Qg7 27. Bxb7 Rxb7 28. Qe4 Rbc7 29. Rd6 Ra7 30. Bd2 Bxe5 31. Qxe5 Qxe5 32. fxe5 a4 33. Bg5 Kf7 34. Rf1+ Kg7 35. Bf6+ Kg8 36. Kc2 Raa8 37. Rf3 h6 38. g4 Re8 39. Rh3 Kh7 40. Rd2 h5 41. gxh5 g5 42. Rg3 Ra7 43. Rxg5 Rf7 44. Rdg2 Rc8 45. Rg8 Kh6 46. Bg7+ 1-0

[Event "BAN-chT"]
[Site "Dhaka"]
[Date "2022.03.10"]
[Round "1.2"]
[White "Nitish, Belurkar"]
[Black "Ahmed, Sk Nasir"]
[Result "1/2-1/2"]
[WhiteElo "2447"]
[BlackElo "2167"]
[PlyCount "117"]
[EventDate "2022.03.10"]
[EventType "team-tourn"]
[EventRounds "11"]
[EventCountry "BAN"]
[SourceTitle "CBM 207 Extra"]
[Source "ChessBase"]
[SourceDate "2022.05.31"]
[SourceVersion "1"]
[SourceVersionDate "2022.05.31"]
[SourceQuality "1"]
[WhiteTeam "Uttara Central CC"]
[BlackTeam "Bangladesh Navy"]
[WhiteTeamCountry "BAN"]
[BlackTeamCountry "BAN"]

1. e4 c5 2. Nf3 e6 3. c3 Nf6 4. e5 Nd5 5. d4 cxd4 6. cxd4 b6 7. Bd3 Ba6 8. 0-0 Bxd3 9. Qxd3 Be7 10. Qe4 Nc6 11. Qg4 Kf8 12. Nbd2 h5 13. Qe4 b5 14. Qd3 a6 15. Ne4 g6 16. Bg5 Kg7 17. Rac1 Qb6 18. Nf6 Nxf6 19. exf6+ Bxf6 20. Bxf6+ Kxf6 21. d5 exd5 22. Qxd5 Kg7 23. Ng5 Rhf8 24. Qxd7 Ne5 25. Qd5 Rfe8 26. h3 Rad8 27. Qb3 Rd3 28. Qc2 Red8 29. Qe2 Qd4 30. Rc7 Rd7 31. Rxd7 Nxd7 32. Nf3 Qd6 33. Rc1 Rd5 34. Re1 Qf6 35. b4 Nb6 36. Qe7 Qxe7 37. Rxe7 Rd7 38. Rxd7 Nxd7 39. Kf1 Nb6 40. Ne5 Kf6 41. Nd3 Ke6 42. Nc5+ Kd5 43. Nxa6 Kc4 44. a3 Nd5 45. Nc5 Nc3 46. g4 hxg4 47. hxg4 Nb1 48. Nd7 Kd4 49. f4 Ke4 50. Nc5+ Kxf4 51. a4 bxa4 52. Nxa4 Na3 53. Nc3 Kxg4 54. b5 Nc4 55. Na4 Kf3 56. b6 Na5 57. Nc5 g5 58. b7 Nxb7 59. Nd7 1/2-1/2

[Event "Dhaka Al Mahmud Memorial"]
[Site "Dhaka"]
[Date "2022.02.13"]
[Round "9"]
[White "Md, Sharif Hossain"]
[Black "Ahmed, Sk Nasir"]
[Result "1-0"]
[WhiteElo "2211"]
[BlackElo "2168"]
[PlyCount "77"]
[EventDate "2022.02.05"]
[EventType "swiss"]
[EventRounds "9"]
[EventCountry "BAN"]
[SourceTitle "CBM 206 Extra"]
[Source "ChessBase"]
[SourceDate "2022.03.31"]
[SourceVersion "1"]
[SourceVersionDate "2022.03.31"]
[SourceQuality "1"]

1. e4 c5 2. Nf3 e6 3. d4 cxd4 4. Nxd4 Nc6 5. Nc3 Qc7 6. f4 d6 7. Be3 Nf6 8. Qf3 a6 9. Bd3 Rb8 10. 0-0 Nb4 11. Qg3 g6 12. Rac1 Bg7 13. a3 Nc6 14. e5 Nxd4 15. Bxd4 Nd7 16. Ne4 dxe5 17. fxe5 0-0 18. Kh1 b5 19. Qg5 Bxe5 20. Nf6+ Bxf6 21. Rxf6 e5 22. Bc3 Rb6 23. Rxb6 Qxb6 24. Rd1 f6 25. Qh6 Rf7 26. Bxg6 hxg6 27. Qxg6+ Kf8 28. Bb4+ Ke8 29. Rd6 Qxd6 30. Bxd6 Nf8 31. Qg8 Bf5 32. Kg1 Bh7 33. Qg4 f5 34. Qh5 e4 35. g3 Nd7 36. Qd1 Nb6 37. Qd4 Nc4 38. Bf4 Rd7 39. Qh8+ 1-0

[Event "BAN-chB 46th"]
[Site "Dhaka"]
[Date "2021.12.20"]
[Round "6"]
[White "Ahmed, Sk Nasir"]
[Black "Chowdhury, Sohel"]
[Result "1/2-1/2"]
[WhiteElo "2207"]
[BlackElo "2076"]
[PlyCount "120"]
[EventDate "2021.12.15"]
[EventType "swiss"]
[EventRounds "9"]
[EventCountry "BAN"]
[SourceTitle "CBM 206 Extra"]
[Source "ChessBase"]
[SourceDate "2022.03.31"]
[SourceVersion "1"]
[SourceVersionDate "2022.03.31"]
[SourceQuality "1"]

1. e4 c6 2. d4 d5 3. Nc3 dxe4 4. Nxe4 Bf5 5. Qf3 e6 6. Ne2 Nd7 7. N2g3 Bg6 8. Bf4 Ndf6 9. 0-0-0 Nxe4 10. Nxe4 Nf6 11. Nxf6+ gxf6 12. d5 exd5 13. Bd3 Bd6 14. Rhe1+ Be5 15. Bxe5 fxe5 16. Rxe5+ Kf8 17. Rde1 Rg8 18. g3 Bxd3 19. Qxd3 Rg6 20. h4 Kg7 21. Re7 Qd6 22. Rxb7 Re6 23. Qd4+ Kg8 24. Re3 c5 25. Qg4+ Rg6 26. Qd7 Qf6 27. Re8+ Rxe8 28. Qxe8+ Kg7 29. Qe3 d4 30. Qe2 Qf5 31. Re7 Re6 32. Rxe6 fxe6 33. b3 e5 34. f3 Kf6 35. Qa6+ Ke7 36. Qxa7+ Kd6 37. Qb6+ Kd5 38. Qb7+ Kd6 39. Qe4 Qh3 40. f4 Qxg3 41. fxe5+ Ke6 42. Qc6+ Kf5 43. Qxc5 Qxh4 44. Kb2 Qe4 45. Qf8+ Kxe5 46. Qe7+ Kf4 47. Qxe4+ Kxe4 48. Kc1 h5 49. Kd2 h4 50. Ke2 h3 51. Kf2 h2 52. Kg2 Ke3 53. b4 Kd2 54. b5 Kxc2 55. b6 d3 56. b7 d2 57. b8Q h1Q+ 58. Kxh1 d1Q+ 59. Kg2 Qd5+ 60. Kf2 Qxa2 1/2-1/2

[Event "Dhaka Sheikh Russel op"]
[Site "Dhaka"]
[Date "2021.10.20"]
[Round "2"]
[White "Ghosh, Chanchal Kumer"]
[Black "Ahmed, Sk Nasir"]
[Result "0-1"]
[WhiteElo "2024"]
[BlackElo "2228"]
[PlyCount "72"]
[EventDate "2021.10.19"]
[EventType "swiss"]
[EventRounds "9"]
[EventCountry "BAN"]
[SourceTitle "CBM 204 Extra"]
[Source "ChessBase"]
[SourceDate "2021.11.30"]
[SourceVersion "1"]
[SourceVersionDate "2021.11.30"]
[SourceQuality "1"]

1. e4 c5 2. Nf3 d6 3. d4 cxd4 4. Nxd4 Nf6 5. Nc3 Nc6 6. Bb5 Bd7 7. 0-0 e6 8. Bg5 Be7 9. Nf3 a6 10. Bxc6 Bxc6 11. Qd3 Qc7 12. Rfe1 0-0 13. a4 Rfd8 14. Qc4 Rac8 15. Qb3 b6 16. e5 dxe5 17. Nxe5 Bd5 18. Nxd5 Rxd5 19. Qe3 Rc5 20. c4 Ng4 21. Nxg4 Bxg5 22. Qf3 Rxc4 23. Ne5 Rc5 24. Qe4 Bf6 25. Nd3 Rc4 26. Qe3 Qd6 27. g3 Rd4 28. Ra3 Rd8 29. Nf4 Bg5 30. Rb3 g6 31. Qe2 Bxf4 32. gxf4 Rxa4 33. Qe3 b5 34. f5 exf5 35. Rc1 Rg4+ 36. Kh1 Qd1+ 0-1

[Event "Dhaka Sheikh Russel op"]
[Site "Dhaka"]
[Date "2021.10.19"]
[Round "1"]
[White "Ahmed, Sk Nasir"]
[Black "Visakh, Narayanan Rajeswari"]
[Result "0-1"]
[WhiteElo "2228"]
[BlackElo "2515"]
[PlyCount "52"]
[EventDate "2021.10.19"]
[EventType "swiss"]
[EventRounds "9"]
[EventCountry "BAN"]
[SourceTitle "CBM 204 Extra"]
[Source "ChessBase"]
[SourceDate "2021.11.30"]
[SourceVersion "1"]
[SourceVersionDate "2021.11.30"]
[SourceQuality "1"]

1. c4 e5 2. g3 c6 3. Bg2 d5 4. cxd5 cxd5 5. d4 e4 6. Nc3 Nf6 7. f3 exf3 8. Nxf3 Be7 9. 0-0 0-0 10. Ne5 Nc6 11. Nxc6 bxc6 12. e4 dxe4 13. Nxe4 Nd5 14. Nc3 Be6 15. Qa4 Qb6 16. Nxd5 Bxd5 17. b3 Rfd8 18. Be3 Qb7 19. Rf2 Bf6 20. Bxd5 Rxd5 21. Rc1 Re8 22. Rc3 Qd7 23. Rd2 Re4 24. Bf2 Rexd4 25. Rxd4 Rxd4 26. Rxc6 Rxa4 0-1